[Event "Siracusa op 2nd"]
[Site "Siracusa"]
[Date "2007.09.07"]
[Round "7"]
[White "Arrabito, Gianfranco"]
[Black "Conti, Silvano"]
[Result "1/2-1/2"]
[WhiteElo "1968"]
[BlackElo "1652"]
[PlyCount "48"]
[EventDate "2007.09.02"]
[EventType "swiss"]
[EventRounds "9"]
[EventCountry "ITA"]
[SourceTitle "EXT 2010"]
[Source "ChessBase"]
[SourceDate "2010.11.25"]
[SourceVersion "1"]
[SourceVersionDate "2010.11.25"]
[SourceQuality "1"]

1. Nf3 Nf6 2. g3 g6 3. Bg2 Bg7 4. d3 d6 5. e4 e5 6. 0-0 0-0 7. c3 Nbd7 8. Nbd2 Re8 9. Re1 Nf8 10. d4 h6 11. Qb3 Rb8 12. dxe5 dxe5 13. Qc2 b6 14. Nc4 N6d7 15. Bd2 Bb7 16. Rad1 Qe7 17. Bc1 Rbd8 18. b4 Nb8 19. h4 Rxd1 20. Rxd1 Nbd7 21. Ne3 Nf6 22. Nh2 Rd8 23. Nhg4 Rxd1+ 24. Qxd1 Nxe4 1/2-1/2

[Event "Siracusa op 2nd"]
[Site "Siracusa"]
[Date "2007.09.05"]
[Round "5"]
[White "Arrabito, Gianfranco"]
[Black "Valguarnera, Girolamo"]
[Result "0-1"]
[WhiteElo "1968"]
[BlackElo "2185"]
[PlyCount "76"]
[EventDate "2007.09.02"]
[EventType "swiss"]
[EventRounds "9"]
[EventCountry "ITA"]
[SourceTitle "EXT 2010"]
[Source "ChessBase"]
[SourceDate "2010.11.25"]
[SourceVersion "1"]
[SourceVersionDate "2010.11.25"]
[SourceQuality "1"]

1. d4 Nf6 2. e3 d6 3. Bd3 Nc6 4. Nf3 e5 5. dxe5 dxe5 6. Nbd2 Bg4 7. Be2 e4 8. Ng5 Bf5 9. Bc4 Ne5 10. h4 h6 11. Nh3 Qd7 12. b3 0-0-0 13. Bb2 Nxc4 14. Nxc4 Qe6 15. Qe2 Bg4 16. Nf4 Qc6 17. f3 exf3 18. gxf3 Bb4+ 19. Kf2 Ne4+ 20. Kg1 Ng3 21. Qh2 Qxf3 22. Ne5 Qxe3+ 23. Qf2 Qxf2+ 24. Kxf2 Nxh1+ 25. Rxh1 Rd2+ 26. Kg3 Be6 27. Nxe6 fxe6 28. Ng6 Rhd8 29. a3 Bd6+ 30. Kf3 Rxc2 31. Ba1 Bxa3 32. Re1 Bb2 33. Bxb2 Rxb2 34. Nf4 Rxb3+ 35. Ke4 g5 36. hxg5 hxg5 37. Nxe6 Re8 38. Kf5 Rb6 0-1

[Event "Siracusa op 2nd"]
[Site "Siracusa"]
[Date "2007.09.03"]
[Round "2"]
[White "Arrabito, Gianfranco"]
[Black "Ljubisavljevic, Zivojin Z"]
[Result "0-1"]
[WhiteElo "1968"]
[BlackElo "2296"]
[PlyCount "68"]
[EventDate "2007.09.02"]
[EventType "swiss"]
[EventRounds "9"]
[EventCountry "ITA"]
[SourceTitle "EXT 2010"]
[Source "ChessBase"]
[SourceDate "2010.11.25"]
[SourceVersion "1"]
[SourceVersionDate "2010.11.25"]
[SourceQuality "1"]

1. f4 d5 2. d4 Bf5 3. e3 e6 4. Nf3 Nf6 5. Bd3 c6 6. c3 Nbd7 7. 0-0 Qb6 8. Bxf5 exf5 9. Nbd2 Bd6 10. Ne5 g6 11. Ndf3 0-0 12. Qe1 Rad8 13. Qh4 Ne4 14. g4 fxg4 15. Nxg4 f5 16. Nge5 Qc7 17. Ng5 Nxg5 18. Qxg5 Nf6 19. Rf3 Ne4 20. Qh6 Qg7 21. Qxg7+ Kxg7 22. Nd3 Rde8 23. Nf2 h6 24. Nxe4 fxe4 25. Rf1 g5 26. fxg5 Rxf1+ 27. Kxf1 hxg5 28. Kg2 Rh8 29. h3 g4 30. Bd2 gxh3+ 31. Kh1 Rf8 32. Rg1+ Kh6 33. Be1 h2 34. Rg3 Rf1+ 0-1

[Event "Siracusa op 2nd"]
[Site "Siracusa"]
[Date "2007.09.02"]
[Round "1"]
[White "Minniti, Cristiano"]
[Black "Arrabito, Gianfranco"]
[Result "0-1"]
[WhiteElo "1548"]
[BlackElo "1968"]
[PlyCount "58"]
[EventDate "2007.09.02"]
[EventType "swiss"]
[EventRounds "9"]
[EventCountry "ITA"]
[SourceTitle "EXT 2010"]
[Source "ChessBase"]
[SourceDate "2010.11.25"]
[SourceVersion "1"]
[SourceVersionDate "2010.11.25"]
[SourceQuality "1"]

1. e4 e5 2. d4 d6 3. Nf3 exd4 4. Nxd4 Nf6 5. Nc3 Be7 6. Be3 0-0 7. h3 Nbd7 8. Qd2 c6 9. Bd3 Nc5 10. 0-0-0 Qc7 11. g4 b5 12. g5 b4 13. gxf6 bxc3 14. Qxc3 Bxf6 15. Rdg1 Ne6 16. Qxc6 Bxd4 17. Qxc7 Bxe3+ 18. fxe3 Nxc7 19. h4 Ba6 20. Bxa6 Nxa6 21. h5 Nc5 22. Rh4 Rae8 23. Rhg4 g6 24. hxg6 fxg6 25. Rd1 Rxe4 26. Rxd6 Rxg4 27. Rd7 Nxd7 28. e4 Rg2 29. e5 Rf1# 0-1